Official country names - Statistics

General Stats
  • This quiz has been taken 27 times
  • The average score is 62 of 196
Answer Stats
Hint Answer % Correct
Afghanistan Islamic Republic of Afghanistan
55%
Czech Republic Czech Republic
50%
Belgium Kingdom of Belgium
50%
Sweden Kingdom of Sweden
50%
Iraq Republic of Iraq
50%
United States United States of America
50%
Dominican Republic Dominican Republic
45%
France French Republic
45%
Denmark Kingdom of Denmark
45%
Morocco Kingdom of Morocco
45%
Norway Kingdom of Norway
45%
Saudi Arabia Kingdom of Saudi Arabia
45%
Spain Kingdom of Spain
45%
Angola Republic of Angola
45%
Austria Republic of Austria
45%
El Salvador Republic of El Salvador
45%
Estonia Republic of Estonia
45%
Haiti Republic of Haiti
45%
Iceland Republic of Iceland
45%
Kazakhstan Republic of Kazakhstan
45%
Latvia Republic of Latvia
45%
Lithuania Republic of Lithuania
45%
Poland Republic of Poland
45%
Serbia Republic of Serbia
45%
Antigua and Barbuda Antigua and Barbuda
41%
Central African Republic Central African Republic
41%
Congo (Kinshasa) Democratic Republic of the Congo
41%
Germany Federal Republic of Germany
41%
Brazil Federative Republic of Brazil
41%
Iran Islamic Republic of Iran
41%
China People's Republic of China
41%
Albania Republic of Albania
41%
Armenia Republic of Armenia
41%
Belarus Republic of Belarus
41%
Colombia Republic of Colombia
41%
Croatia Republic of Croatia
41%
Cyprus Republic of Cyprus
41%
Ecuador Republic of Ecuador
41%
Finland Republic of Finland
41%
Guatemala Republic of Guatemala
41%
Guinea Republic of Guinea
41%
Honduras Republic of Honduras
41%
India Republic of India
41%
Liberia Republic of Liberia
41%
Macedonia Republic of Macedonia
41%
Madagascar Republic of Madagascar
41%
Moldova Republic of Moldova
41%
Niger Republic of Niger
41%
Panama Republic of Panama
41%
Peru Republic of Peru
41%
Congo (Brazzaville) Republic of the Congo
41%
Russia Russian Federation
41%
Egypt Arab Republic of Egypt
36%
Argentina Argentine Republic
36%
Canada Canada
36%
Australia Commonwealth of Australia
36%
Jordan Hashemite Kingdom of Jordan
36%
Japan Japan
36%
Bahrain Kingdom of Bahrain
36%
Lesotho Kingdom of Lesotho
36%
Netherlands Kingdom of the Netherlands
36%
Libya Libya
36%
Montenegro Montenegro
36%
Andorra Principality of Andorra
36%
Monaco Principality of Monaco
36%
Azerbaijan Republic of Azerbaijan
36%
Benin Republic of Benin
36%
Botswana Republic of Botswana
36%
Bulgaria Republic of Bulgaria
36%
Chile Republic of Chile
36%
Taiwan Republic of China
36%
Costa Rica Republic of Costa Rica
36%
Ghana Republic of Ghana
36%
Guinea-Bissau Republic of Guinea-Bissau
36%
Indonesia Republic of Indonesia
36%
Kenya Republic of Kenya
36%
South Korea Republic of Korea
36%
Kosovo Republic of Kosovo
36%
Mali Republic of Mali
36%
Malta Republic of Malta
36%
Mozambique Republic of Mozambique
36%
Nauru Republic of Nauru
36%
Paraguay Republic of Paraguay
36%
Rwanda Republic of Rwanda
36%
Senegal Republic of Senegal
36%
Slovenia Republic of Slovenia
36%
Turkey Republic of Turkey
36%
Kuwait State of Kuwait
36%
Qatar State of Qatar
36%
Oman Sultanate of Oman
36%
Mexico United Mexican States
36%
Barbados Barbados
32%
Bahamas Commonwealth of The Bahamas
32%
North Korea Democratic People's Republic of Korea
32%
Micronesia Federated States of Micronesia
32%
Hungary Hungary
32%
Ireland Ireland
32%
Pakistan Islamic Republic of Pakistan
32%
Italy Italian Republic
32%
Jamaica Jamaica
32%
Cambodia Kingdom of Cambodia
32%
Swaziland Kingdom of Swaziland
32%
Thailand Kingdom of Thailand
32%
New Zealand New Zealand
32%
Algeria People's Democratic Republic of Algeria
32%
Liechtenstein Principality of Liechtenstein
32%
Burundi Republic of Burundi
32%
Cameroon Republic of Cameroon
32%
Chad Republic of Chad
32%
Cuba Republic of Cuba
32%
Equatorial Guinea Republic of Equatorial Guinea
32%
Fiji Republic of Fiji
32%
Malawi Republic of Malawi
32%
Namibia Republic of Namibia
32%
Palau Republic of Palau
32%
South Africa Republic of South Africa
32%
Tunisia Republic of Tunisia
32%
Uganda Republic of Uganda
32%
Eritrea State of Eritrea
32%
Israel State of Israel
32%
United Kingdom United Kingdom of Great Britain and Northern Ireland
32%
Belize Belize
27%
Venezuela Bolivarian Republic of Venezuela
27%
Bosnia and Herzegovina Bosnia and Herzegovina
27%
Nigeria Federal Republic of Nigeria
27%
Georgia Georgia
27%
Luxembourg Grand Duchy of Luxembourg
27%
Grenada Grenada
27%
Greece Hellenic Republic
27%
Bhutan Kingdom of Bhutan
27%
Malaysia Malaysia
27%
Mongolia Mongolia
27%
Portugal Portuguese Republic
27%
Djibouti Republic of Djibouti
27%
Kiribati Republic of Kiribati
27%
Maldives Republic of Maldives
27%
Mauritius Republic of Mauritius
27%
Nicaragua Republic of Nicaragua
27%
Sierra Leone Republic of Sierra Leone
27%
South Sudan Republic of South Sudan
27%
Suriname Republic of Suriname
27%
Gambia Republic of The Gambia
27%
Marshall Islands Republic of the Marshall Islands
27%
Philippines Republic of the Philippines
27%
Yemen Republic of Yemen
27%
Zambia Republic of Zambia
27%
Zimbabwe Republic of Zimbabwe
27%
Romania Romania
27%
Saint Lucia Saint Lucia
27%
Saint Vincent and the Grenadines Saint Vincent and the Grenadines
27%
Switzerland Swiss Confederation
27%
United Arab Emirates United Arab Emirates
27%
Guyana Co-operative Republic of Guyana
23%
Kyrgyzstan Kyrgyz Republic
23%
Laos Lao People's Democratic Republic
23%
Lebanon Lebanese Republic
23%
Bolivia Plurinational State of Bolivia
23%
Cote d'Ivoire Republic of Cote d'Ivoire
23%
San Marino Republic of San Marino
23%
Seychelles Republic of Seychelles
23%
Singapore Republic of Singapore
23%
Tajikistan Republic of Tajikistan
23%
Trinidad and Tobago Republic of Trinidad and Tobago
23%
Uzbekistan Republic of Uzbekistan
23%
Slovakia Slovak Republic
23%
Solomon Islands Solomon Islands
23%
Syria Syrian Arab Republic
23%
Tuvalu Tuvalu
23%
Ukraine Ukraine
23%
Burkina Faso Burkina Faso
18%
Dominica Commonwealth of Dominica
18%
Somalia Federal Republic of Somalia
18%
Gabon Gabonese Republic
18%
Mauritania Islamic Republic of Mauritania
18%
Bangladesh People's Republic of Bangladesh
18%
Cape Verde Republic of Cabo Verde
18%
Vanuatu Republic of Vanuatu
18%
Turkmenistan Turkmenistan
18%
Comoros Union of the Comoros
18%
Sao Tome and Principe Democratic Republic of Sao Tome and Principe
14%
East Timor Democratic Republic of Timor-Leste
14%
Nepal Federal Democratic Republic of Nepal
14%
Saint Kitts and Nevis Federation of Saint Christopher and Nevis
14%
Papua New Guinea Independent State of Papua New Guinea
14%
Samoa Independent State of Samoa
14%
Sudan Republic of the Sudan
14%
Burma Republic of the Union of Myanmar
14%
Togo Togolese Republic
14%
Sri Lanka Democratic Socialist Republic of Sri Lanka
9%
Ethiopia Federal Democratic Republic of Ethiopia
9%
Tonga Kingdom of Tonga
9%
Uruguay Oriental Republic of Uruguay
9%
Vietnam Socialist Republic of Vietnam
9%
Tanzania United Republic of Tanzania
9%
Vatican City Vatican City State
9%
Brunei Brunei Darussalam
5%
No matching quizzes found
Score Distribution
Percent of People with Each Score
Percentile by Number Answered
Your Score History
You have not taken this quiz